Negotiation : communication for diverse settings /

Bibliographic Details
Main Author: Spangle, Michael
Other Authors: Isenhart, Myra Warren
Format: Book
Language:English
Published: Thousand Oaks, CA ; New Delhi : Sage, 2008 [printing 2009].
Edition:Sage south Asia edition.
Subjects:
Classic Catalogue: View this record in Classic Catalogue
LEADER 01365nam a2200325 a 4500
001 19547
003 BD-DhAAL
005 20250629125218.0
008 091115r20092003cau b 001 0 eng d
010 |a  2002010850 
020 |a 9788178298894 
020 |a 0761923489 (C) 
020 |a 0761923497 (P) 
040 |a DLC  |c DLC  |d DLC  |d BD-DhAAL 
082 0 0 |a 303.69  |2 21 
100 1 |a Spangle, Michael.  |9 40300 
245 1 0 |a Negotiation :  |b communication for diverse settings /  |c by Michael Spangle and Myra Warren Isenhart. 
250 |a Sage south Asia edition. 
260 |a Thousand Oaks, CA ;  |a New Delhi :  |b Sage,  |c 2008 [printing 2009]. 
300 |a xxii, 435 pages :  |b illustrations ;  |c 26 cm. 
504 |a Includes bibliographical references and index. 
526 |a BBS  |x Requisitioned by Faculties of BBS Course name and no : N/A 
541 1 |a Karim International  |e 00019547 
650 0 |a Conflict management.  |9 40301 
650 0 |a Negotiation.  |9 40302 
700 1 |a Isenhart, Myra Warren.  |9 40303 
852 4 |a Ayesha Abed Library   |j General Stacks 
942 |2 ddc  |c BK 
999 |c 6187  |d 6187 
952 |0 0  |1 0  |2 ddc  |4 0  |6 303_690000000000000_SPA_2009  |7 0  |9 6206  |a BRACUL  |b BRACUL  |c GEN  |d 2009-12-19  |e Karim International  |g 534.00  |l 8  |m 54  |o 303.69 SPA  |p 3010019547  |r 2025-11-20  |s 2025-11-05  |t 1  |w 2009-12-19  |y BK  |x Requisitioned by Faculties of BBS. Course name and no. "not available".